Customs Valuation Control Handbook: (Record no. 4182)

000 -LEADER
fixed length control field nam a22 a 4500
005 - DATE AND TIME OF LATEST TRANSACTION
control field 20170525144245.0
008 - FIXED-LENGTH DATA ELEMENTS--GENERAL INFORMATION
fixed length control field 170525s1999 be ||||| |||| 00| 0 eng d
040 ## - CATALOGING SOURCE
Original cataloging agency AKMAL
082 ## - DEWEY DECIMAL CLASSIFICATION NUMBER
Classification number 343.08 WCO
090 ## - LOCALLY ASSIGNED LC-TYPE CALL NUMBER (OCLC); LOCAL CALL NUMBER (RLIN)
Classification number (OCLC) (R) ; Classification number, CALL (RLIN) (NR) 343.08
Local cutter number (OCLC) ; Book number/undivided call number, CALL (RLIN) WCO
245 10 - TITLE STATEMENT
Title Customs Valuation Control Handbook:
Remainder of title WTO Valuation Agreement (revised July,1999)
260 ## - PUBLICATION, DISTRIBUTION, ETC.
Place of publication, distribution, etc. Brussels:
Name of publisher, distributor, etc. World Customs Organization,
Date of publication, distribution, etc. 1999
300 ## - PHYSICAL DESCRIPTION
Extent various paging;
Dimensions 30cm
610 20 - SUBJECT ADDED ENTRY--CORPORATE NAME
Corporate name or jurisdiction name as entry element World Trade Organization.
9 (RLIN) 6011
610 20 - SUBJECT ADDED ENTRY--CORPORATE NAME
Corporate name or jurisdiction name as entry element General Agreement on Tariffs and Trade (Organization)
9 (RLIN) 6012
650 10 - SUBJECT ADDED ENTRY--TOPICAL TERM
Topical term or geographic name entry element Customs Administration
Form subdivision Law and legislation
9 (RLIN) 8208
650 20 - SUBJECT ADDED ENTRY--TOPICAL TERM
Topical term or geographic name entry element Customs appraisal
General subdivision Law and legislation.
9 (RLIN) 8214
710 ## - ADDED ENTRY--CORPORATE NAME
Corporate name or jurisdiction name as entry element World Customs Organization
9 (RLIN) 5917
942 ## - ADDED ENTRY ELEMENTS (KOHA)
Source of classification or shelving scheme
Koha item type Book
950 ## - LOCAL HOLDINGS (RLIN)
Permanent shelving location, LOC (RLIN) AKMAL
Holdings
Withdrawn status Lost status Source of classification or shelving scheme Damaged status Not for loan Collection code Home library Current library Shelving location Date acquired Inventory number Total Checkouts Full call number Barcode Date last seen Price effective from Koha item type
          NON-FICTION AKMAL Melaka AKMAL Melaka PINJAMAN 25.05.2017 002410   343.08 WCO 201705257 25.05.2017 25.05.2017 Book
Pusat Sumber Maklumat Dato' Haji Sarmin Md Hussin, Akademi Kastam Diraja Malaysia, Melaka
Tel: 06-2331106 | Faks: 06-2313787